000 00539nam a2200217Ia 4500
003 OSt
005 20220928143412.0
006 a|||||r|||| 00| 0
007 ta
008 220927b |||||||| |||| 00| 0 eng d
024 _a22045
037 _cTextual
040 _aSDCL
_cSDCL
_beng
041 _2eng
_aeng
082 _aO15,1D05,3, P0
100 _aTiwari Sanjay Kumar
_9406742
245 0 _aBudhacharit.
260 _c2000
942 _hO15,1D05,3, P0
_cTEXL
_2CC
999 _c824064
_d824064